| 000 | 00647pam a2200217 a 4500 | ||
|---|---|---|---|
| 001 | 916001 | ||
| 005 | 20180110084016.0 | ||
| 008 | 820628s1983 deua b 000 0 eng | ||
| 010 | _a 82012755 | ||
| 020 | _a0872077330 (pbk.) | ||
| 040 |
_aDLC _cDLC _dDLC |
||
| 041 | _aeng | ||
| 080 | _a372.41 | ||
| 082 | 0 | 0 |
_a372.41 COW _219 |
| 100 | _a46 | ||
| 101 | _aEDU | ||
| 245 | 0 | 0 |
_aTeaching reading through the arts / _cedited by John E. Cowen for the Reading through the Arts Committee ; with an introduction by M. Jerry Weiss. |
| 504 | _aIncludes bibliographies. | ||
| 906 |
_a7 _bcbc _corignew _d1 _eocip _f19 _gy-gencatlg |
||
| 942 |
_2ddc _cBK |
||
| 999 |
_c40045 _d40045 |
||